01115nam a2200265 i 4500001000300000245027700003260002700280300003300307490003800340504002600378650003100404655003000435700003300465700002800498700002700526700001900553710005300572830003300625020001500658040000800673041000700681080002200688008004100710856009800751bg00aJakość i systemy zapewnienia jakości :bpodręcznik dla studentów wyższych szkół technicznych : praca zbiorowa /cpod red. Adama Tabora, Andrzeja Zająca, Marka Rączki ; [zespół aut.nB. Dyrcz et al.] ; Politechnika Krakowska im. Tadeusza Kościuszki. aKraków :bPK,c1999. a[4], 269 s. :bil. ;c24 cm.1 aZarządzanie jakością ;vt.1 aBibliogr. przy rozdz. 9aZarządzanie jakością aPodręczniki akademickie1 aTABOR, Adamd(1941- ).eRed.1 aZAJĄC, Andrzej.eRed.1 aRĄCZKA, Marek.eRed.1 aDYRCZ, Barbara 0aPolitechnika Krakowska im. Tadeusza Kościuszki aZarządzanie jakością ; a8372420955 cBPK0 apl a658.56.012(075.8) s pl f |000 0 pol  uhttp://koha.tu.koszalin.pl/cgi-bin/koha/opac-detail.pl?biblionumber=38855yKatalog online BPK